Bilanz & Buchhaltung Zeitschrift für Rechnungswesen und Steuern

Na minha lista:
Detalhes bibliográficos
Formato: Periódico
Idioma:alemão
Publicado em: Offenburg Verlag Praktisches Wissen 2002
Assuntos:
Tags: Adicionar Tag
Sem tags, seja o primeiro a adicionar uma tag!

MARC

LEADER 00000nas2a22000001 4500
001 0038977
005 20080619112853.1
022 |a 0930-0597 
041 0 |a ger 
044 |a DE 
245 1 0 |a Bilanz & Buchhaltung  |b Zeitschrift für Rechnungswesen und Steuern 
264 1 |a Offenburg  |b Verlag Praktisches Wissen  |c 2002 
773 0 |w eu_un_cat*s120088 
610 2 0 |a účtovníctvo 
610 2 0 |a bilancie